Strategic management of organizations and stakeholders : concepts and cases /

Strategic management and environmental analysis: Stakeholders and the Strategic management process; the broad environment; the operating environment and external stakerholders. Organizational analysis and strategic direction: the internal environment and competitive advantage; strategic direction. S...

Cijeli opis

Spremljeno u:
Bibliografski detalji
Glavni autor: Harrison, Jeffrey S.
Daljnji autori: John, Caron H. St.
Format: Knjiga
Jezik:English
Izdano: Cincinnati, Ohio : South-Western College, 1998.
Izdanje:2nd ed.
Teme:
Oznake: Dodaj oznaku
Bez oznaka, Budi prvi tko označuje ovaj zapis!
Thư viện lưu trữ: Mạng thư viện Đại học Đà Nẵng
LEADER 01564cam a2200373 i 4500
001 000049682
003 9692
005 20051111144240.0
008 010406b1998 vm 000 eng
020 |a 0538878436 
040 |a IRC  |c IRC  |d IRC 
041 0 |a eng 
082 1 4 |a 658.4012  |b HA-J 
100 1 |a Harrison, Jeffrey S. 
245 0 0 |a Strategic management of organizations and stakeholders :  |b concepts and cases /  |c Jeffrey S. Harrison, Caron H. St. John. 
250 |a 2nd ed. 
260 |a Cincinnati, Ohio :  |b South-Western College,  |c 1998. 
300 |a 1 v. (various pagings) :  |b col. ill., col. map ;  |c 25cm. 
520 3 |a Strategic management and environmental analysis: Stakeholders and the Strategic management process; the broad environment; the operating environment and external stakerholders. Organizational analysis and strategic direction: the internal environment and competitive advantage; strategic direction. Strategy formulation: business-level strategy; Corporate-level strategy. Strategy implementation and control: strategy implementation; strategic control; corporate restructuring; preparing a case analysis. 
630 0 4 |a Strategic planning. 
630 0 4 |a Industrial management. 
650 0 4 |a Industrial management. 
650 0 4 |a Strategic planning. 
700 1 |a John, Caron H. St. 
OWN |a DUT 
999 |a From the UDN01 
TYP |a Monograph 
TYP |a Printed language 
980 |a Mạng thư viện Đại học Đà Nẵng